000 00889nam a22002297a 4500
999 _c62685
_d62685
005 20240530110602.0
008 161010s2013 ua a f b 000 0 ara d
017 _a2013/17857
_bمصر. دار الكتب
020 _a9789774486074
040 _aEG-CaGPL
_cEG-CaGPL
082 _221
_a330.9569\
_bأ إ
100 0 _aاحمد الدماصى
245 1 2 _aالاعانات المالية لاسرائيل و اثر المقاطعة العربية لها /
_cاحمد الدماصى
250 _aط .1
260 _aالقاهرة :
_bالهيئة المصرية العامة للكتاب ،
_c2013
300 _a348 ص. :
_bجداول ؛
_c24 سم. +
_eملاحق
650 _2qrmak
651 0 4 _aاسرائيل
_xالاحوال الاقتصادية
_2qrmak
651 0 4 _aفلسطين
_xالصناعة
_2qrmak
942 _2ddc
_cBK